<?xml version="1.0" encoding="UTF-8"?>
<record
    xmlns:xsi="http://www.w3.org/2001/XMLSchema-instance"
    xsi:schemaLocation="http://www.loc.gov/MARC21/slim http://www.loc.gov/standards/marcxml/schema/MARC21slim.xsd"
    xmlns="http://www.loc.gov/MARC21/slim">

  <leader>00544nam a2200181 a 4500</leader>
  <controlfield tag="001">2720</controlfield>
  <controlfield tag="003">CDMR</controlfield>
  <controlfield tag="005">20131111103253.0</controlfield>
  <controlfield tag="008">130130s1965||||||||||||||||||||||||||||d</controlfield>
  <datafield tag="040" ind1=" " ind2=" ">
    <subfield code="a">CDMR</subfield>
    <subfield code="b">cat</subfield>
    <subfield code="c">CDMR</subfield>
  </datafield>
  <datafield tag="110" ind1="2" ind2=" ">
    <subfield code="a">Centro T&#xE9;cnico de la Sociedad Interamericana de Prensa</subfield>
    <subfield code="9">2043</subfield>
  </datafield>
  <datafield tag="245" ind1="1" ind2="0">
    <subfield code="a">Manual de estilo</subfield>
  </datafield>
  <datafield tag="260" ind1=" " ind2=" ">
    <subfield code="a">New York</subfield>
    <subfield code="c">1965</subfield>
    <subfield code="b">Hobbs, Dorman &amp; Company</subfield>
  </datafield>
  <datafield tag="300" ind1=" " ind2=" ">
    <subfield code="a">126 p.</subfield>
  </datafield>
  <datafield tag="650" ind1="0" ind2="4">
    <subfield code="9">3086</subfield>
    <subfield code="a">Periodisme</subfield>
    <subfield code="x">Manuals d'estil</subfield>
  </datafield>
  <datafield tag="710" ind1=" " ind2=" ">
    <subfield code="9">2043</subfield>
    <subfield code="a">Centro T&#xE9;cnico de la Sociedad Interamericana de Prensa</subfield>
  </datafield>
  <datafield tag="942" ind1=" " ind2=" ">
    <subfield code="c">MON</subfield>
    <subfield code="2">udc</subfield>
  </datafield>
  <datafield tag="999" ind1=" " ind2=" ">
    <subfield code="c">2720</subfield>
    <subfield code="d">2720</subfield>
  </datafield>
  <datafield tag="952" ind1=" " ind2=" ">
    <subfield code="0">0</subfield>
    <subfield code="1">0</subfield>
    <subfield code="4">0</subfield>
    <subfield code="7">0</subfield>
    <subfield code="a">CDMR</subfield>
    <subfield code="b">CDMR</subfield>
    <subfield code="d">2013-11-11</subfield>
    <subfield code="l">0</subfield>
    <subfield code="o">Dc 2/7</subfield>
    <subfield code="p">CDMR13119582</subfield>
    <subfield code="r">2013-11-11</subfield>
    <subfield code="w">2013-11-11</subfield>
    <subfield code="y">MON</subfield>
  </datafield>
</record>
